[Event "XXXII Festival A"]
[Site "Arco ITA"]
[Date "2010.10.19"]
[Round "4"]
[White "Buglisi, Massimo"]
[Black "Ricci, Alfredo"]
[Result "0-1"]
[WhiteElo "1875"]
[BlackElo "1969"]
[PlyCount "72"]
[EventDate "2010.10.16"]

1. d4 Nf6 2. c4 g6 3. Nc3 d5 4. cxd5 Nxd5 5. e4 Nxc3 6. bxc3 c5 7. Bc4 Bg7 8.
Ne2 O-O 9. Be3 Nc6 10. Rc1 cxd4 11. cxd4 Qa5+ 12. Kf1 Bd7 13. h4 h5 14. f3 Rac8
15. Nf4 Kh7 16. g4 e5 17. Nh3 exd4 18. Ng5+ Kg8 19. Bf4 Ne5 20. Bb3 Bb5+ 21.
Kg2 Nd3 22. Bxf7+ Kh8 23. Bd2 Qb6 24. Rxc8 Rxc8 25. gxh5 Qf6 26. hxg6 Nf4+ 27.
Bxf4 Qxf4 28. Bb3 Be5 29. Nf7+ Kg7 30. Nxe5 Qxe5 31. h5 Qg5+ 32. Kf2 Qe3+ 33.
Kg3 Be2 34. Qg1 Qxf3+ 35. Kh2 Qxh5+ 36. Kg3 Qf3+ 0-1

[Event "XXXII Festival A"]
[Site "Arco ITA"]
[Date "2010.10.19"]
[Round "4"]
[White "Carrozza, Gregorio"]
[Black "Nemeth, Gergely"]
[Result "0-1"]
[WhiteElo "1667"]
[BlackElo "1889"]
[PlyCount "82"]
[EventDate "2010.10.16"]

1. e4 e6 2. d3 d5 3. exd5 exd5 4. d4 Bd6 5. Bd3 Ne7 6. Nf3 Bg4 7. Be2 Nd7 8.
Nbd2 c6 9. h3 Bf5 10. Nb3 Qc7 11. c3 f6 12. Be3 O-O-O 13. Qd2 Be4 14. Rc1 f5
15. Bg5 h6 16. Bxe7 Bxe7 17. c4 Bxf3 18. Bxf3 Bg5 19. Qd3 Bxc1 20. Nxc1 Qa5+
21. Kf1 dxc4 22. Qxc4 Qb5 23. Qxb5 cxb5 24. Nd3 Nb6 25. Nc5 Rxd4 26. Bxb7+ Kb8
27. Bf3 Nc4 28. g3 Nd2+ 29. Kg2 Nxf3 30. Kxf3 Re8 31. Nb3 Rd3+ 32. Kg2 g5 33.
Rc1 f4 34. gxf4 gxf4 35. Nc5 Rg8+ 36. Kf1 Rxh3 37. Nd7+ Ka8 38. Ke2 Re8+ 39.
Kd2 Rh2 40. Rc7 Rxf2+ 41. Kc3 Re3+ 0-1

[Event "XXXII Festival A"]
[Site "Arco ITA"]
[Date "2010.10.19"]
[Round "4"]
[White "Cavatorta, Fosco"]
[Black "Astengo, Corrado"]
[Result "0-1"]
[WhiteElo "1936"]
[BlackElo "2150"]
[PlyCount "82"]
[EventDate "2010.10.16"]

1. d4 d5 2. Nf3 Nf6 3. e3 g6 4. Bd3 Bg7 5. O-O O-O 6. Nbd2 c5 7. c3 b6 8. e4
cxd4 9. e5 Ne8 10. cxd4 Nc6 11. a3 Bd7 12. Re1 Nc7 13. b4 Ne6 14. Nb3 Rc8 15.
b5 Nb8 16. Bd2 Nc7 17. Qe2 f6 18. Rac1 Bg4 19. exf6 Bxf6 20. Bb4 Ne6 21. Qe3
Rxc1 22. Rxc1 Ng7 23. Ne5 Bf5 24. Be2 Ne6 25. g3 Bg5 26. f4 Bf6 27. Nc6 Nxc6
28. Rxc6 Qd7 29. Bf3 Nd8 30. Rc3 Qxb5 31. g4 a5 32. gxf5 axb4 33. axb4 gxf5 34.
Rc8 Kh8 35. Be2 Qxb4 36. Bd3 Qxb3 37. Qe2 Rg8+ 38. Kf2 Bxd4+ 39. Kf3 Bf6 40.
Qc2 Qxc2 41. Bxc2 Ne6 0-1

[Event "XXXII Festival A"]
[Site "Arco ITA"]
[Date "2010.10.19"]
[Round "4"]
[White "Cavatorta, Ivan"]
[Black "Ciola, Alberto"]
[Result "1/2-1/2"]
[WhiteElo "1815"]
[BlackElo "1929"]
[PlyCount "40"]
[EventDate "2010.10.16"]

1. e4 c5 2. c3 d5 3. exd5 Qxd5 4. d4 e6 5. Nf3 Nc6 6. Be2 cxd4 7. cxd4 Nf6 8.
Nc3 Qd8 9. O-O Be7 10. h3 O-O 11. Be3 Nd5 12. Nxd5 Qxd5 13. b3 Bf6 14. Bc4 Qd6
15. Qd2 a6 16. Bf4 e5 17. dxe5 Qxd2 18. Bxd2 Nxe5 19. Nxe5 Bxe5 20. Rfe1 Bd6
1/2-1/2

[Event "XXXII Festival A"]
[Site "Arco ITA"]
[Date "2010.10.19"]
[Round "4"]
[White "Cottarelli, Franco"]
[Black "Ziltener, Werner"]
[Result "1/2-1/2"]
[WhiteElo "1889"]
[BlackElo "2116"]
[PlyCount "109"]
[EventDate "2010.10.16"]

1. b4 e5 2. Bb2 Bxb4 3. Bxe5 Nf6 4. Nf3 O-O 5. e3 c5 6. Be2 d5 7. O-O Nc6 8.
Bb2 Bf5 9. d3 Qe7 10. Nbd2 Rad8 11. Rb1 Rfe8 12. a3 Bxd2 13. Qxd2 b6 14. Rfe1
Qd6 15. Rbd1 Bg4 16. h3 Bh5 17. Nh2 Bxe2 18. Qxe2 d4 19. e4 Nd5 20. Qd2 Nc7 21.
f4 Qh6 22. Qf2 Qh5 23. Bc1 Nb5 24. Ng4 Nc3 25. Qg3 Kh8 26. Rd2 f5 27. exf5
Rxe1+ 28. Qxe1 Re8 29. Qf1 Qxf5 30. Rf2 h5 31. Nh2 Qe6 32. Nf3 Ne2+ 33. Kh2
Nxc1 34. Qxc1 Qe3 35. Qxe3 dxe3 36. Re2 Nd4 37. Nxd4 cxd4 38. Kg3 Kh7 39. h4
Kg6 40. Kf3 Kf5 41. g3 Rc8 42. c4 Re8 43. Rb2 Rc8 44. Rb5+ Rc5 45. Rb2 Ra5 46.
Ra2 b5 47. cxb5 Rxb5 48. Rc2 Ra5 49. Rc4 Rxa3 50. Rxd4 a5 51. Rd5+ Ke6 52. Re5+
Kf6 53. Kxe3 g6 54. Ke4 a4 55. Ra5 1/2-1/2

[Event "XXXII Festival A"]
[Site "Arco ITA"]
[Date "2010.10.19"]
[Round "4"]
[White "De Bettin, Sergio"]
[Black "Rampini, Carlo"]
[Result "0-1"]
[WhiteElo "1825"]
[BlackElo "1791"]
[PlyCount "115"]
[EventDate "2010.10.16"]

1. e4 d5 2. exd5 Qxd5 3. Nc3 Qd6 4. Be2 a6 5. Nf3 Nf6 6. h3 e5 7. d4 e4 8. Ne5
Nc6 9. Be3 Nxe5 10. dxe5 Qxe5 11. Bd4 Qh5 12. Bxf6 gxf6 13. Qd4 Be6 14. Qxe4
O-O-O 15. O-O Rg8 16. Bf3 c6 17. Kh1 Bd6 18. Qe3 f5 19. a3 Kb8 20. Rad1 f4 21.
Qe4 Qg5 22. Qe2 Qh4 23. Kh2 Qe7 24. b4 b5 25. Ne4 Bd5 26. Rfe1 Bc4 27. Qd2 Bc7
28. Qc1 Qh4 29. Rxd8+ Rxd8 30. Qb2 Re8 31. g3 fxg3+ 32. fxg3 Bxg3+ 33. Nxg3
Rxe1 34. Qh8+ Kb7 35. Bg4 Be6 36. Qc3 Bxg4 37. Qxe1 Qxh3+ 38. Kg1 Be6 39. Qe5
Qg4 40. Qd6 Qg5 41. Kf2 Qg4 42. c3 h5 43. Ke3 Qg5+ 44. Kf2 h4 45. Ne4 Qf5+ 46.
Ke3 Qd5 47. Nc5+ Kc8 48. Qf8+ Qd8 49. Qxd8+ Kxd8 50. Kf3 Bc8 51. Kf4 Ke7 52.
Nd3 Kd6 53. Ke4 Be6 54. Nc5 h3 55. Kf3 f5 56. Nxe6 Kxe6 57. Kg3 Ke5 58. Kxh3
0-1

[Event "XXXII Festival A"]
[Site "Arco ITA"]
[Date "2010.10.19"]
[Round "4"]
[White "De Minico, Stefano"]
[Black "Leutwyler, Martin"]
[Result "0-1"]
[WhiteElo "1921"]
[BlackElo "2169"]
[PlyCount "74"]
[EventDate "2010.10.16"]

1. e4 Nf6 2. e5 Nd5 3. c4 Nb6 4. d4 d6 5. exd6 exd6 6. Nc3 Nc6 7. Nf3 Bg4 8.
Be2 Be7 9. Be3 O-O 10. b3 Bf6 11. O-O d5 12. c5 Nc8 13. b4 a6 14. Rb1 N8e7 15.
h3 Be6 16. a4 Nf5 17. Qd2 Re8 18. b5 Nxe3 19. fxe3 axb5 20. Rxb5 Ra7 21. Nh2
Bg5 22. Rf3 Ne7 23. Bd3 Bf5 24. Qc2 Bxd3 25. Qxd3 Ng6 26. Rb2 Nh4 27. Rg3 g6
28. Nf1 Nf5 29. Rf3 Nh4 30. Rg3 f5 31. Ne2 c6 32. Ra2 Qf6 33. a5 Ra6 34. Rb2
Ra7 35. Ra2 Ra6 36. Rb2 Re7 37. Qc3 Ra8 0-1

[Event "XXXII Festival A"]
[Site "Arco ITA"]
[Date "2010.10.19"]
[Round "4"]
[White "De Polzer, Manfredi"]
[Black "Dieli, Riccardo"]
[Result "0-1"]
[WhiteElo "1809"]
[BlackElo "1906"]
[PlyCount "101"]
[EventDate "2010.10.16"]

1. d4 Nf6 2. Nf3 g6 3. g3 b6 4. Bg2 Bb7 5. O-O Bg7 6. c3 O-O 7. Nbd2 d6 8. Qc2
c5 9. Rd1 cxd4 10. Nxd4 Bxg2 11. Kxg2 Qc7 12. e4 Ng4 13. Re1 Bxd4 14. Nb3 Bg7
15. Qe2 Nf6 16. Be3 Nbd7 17. Bd2 Nc5 18. Nxc5 Qxc5 19. Rad1 Rac8 20. Be3 Qc6
21. Bc1 Qc4 22. a3 Qxe2 23. Rxe2 Nd7 24. f4 Nc5 25. Kf3 Rfd8 26. g4 Rd7 27. Be3
Rdc7 28. f5 Nd7 29. h4 Ne5+ 30. Kf4 Rc4 31. Bd4 Nd7 32. Bxg7 Kxg7 33. g5 gxf5
34. Kxf5 R8c5+ 35. Kf4 Re5 36. Rd4 b5 37. Re3 Nf8 38. Kf3 Ne6 39. Rd2 Nc5 40.
Rd4 Nb3 41. Rd1 a5 42. Red3 Nc5 43. Rd4 Nd7 44. R4d2 Kg6 45. b3 Rc8 46. Rd4
Rec5 47. Rd5 Ne5+ 48. Ke2 Rxd5 49. exd5 Rc5 50. b4 axb4 51. a4 0-1

[Event "XXXII Festival A"]
[Site "Arco ITA"]
[Date "2010.10.19"]
[Round "4"]
[White "De Santis, Alessio"]
[Black "Farago, Ivan"]
[Result "0-1"]
[WhiteElo "2300"]
[BlackElo "2420"]
[PlyCount "96"]
[EventDate "2010.10.16"]

1. b3 d5 2. Bb2 c6 3. g3 Bg4 4. Bg2 e6 5. h3 Bh5 6. Nf3 Nd7 7. c4 Ngf6 8. d3
Be7 9. Nbd2 O-O 10. O-O a5 11. a3 Re8 12. Qc2 Bf8 13. Rfe1 e5 14. e4 d4 15. g4
Bg6 16. Nh4 Nc5 17. Ndf3 Nfd7 18. Bc1 b5 19. Bd2 a4 20. b4 Nb3 21. c5 Nxa1 22.
Rxa1 Qe7 23. Rc1 Qe6 24. Rb1 f6 25. Nxg6 hxg6 26. Nh2 Be7 27. Nf1 Kf7 28. Ng3
Rh8 29. f4 exf4 30. Ne2 Ne5 31. Nxf4 Qd7 32. Rf1 Bd8 33. Be1 Bc7 34. Bg3 Raf8
35. Ne2 g5 36. Rd1 Rd8 37. Bf2 Ng6 38. Qa2+ Kf8 39. Nxd4 Nf4 40. Kf1 Be5 41.
Nf5 Nxh3 42. d4 g6 43. Bf3 Nxf2 44. dxe5 Nxd1 45. e6 Qd3+ 46. Kg1 gxf5 47. e7+
Kxe7 48. gxf5 Qe3+ 0-1

[Event "XXXII Festival A"]
[Site "Arco ITA"]
[Date "2010.10.19"]
[Round "4"]
[White "Del Nevo, Claudio"]
[Black "Von Wantoch, Markus"]
[Result "1/2-1/2"]
[WhiteElo "1859"]
[BlackElo "1927"]
[PlyCount "62"]
[EventDate "2010.10.16"]

1. d4 Nf6 2. Nf3 e6 3. Bg5 Be7 4. Bxf6 Bxf6 5. e3 b6 6. c3 Bb7 7. Bd3 d6 8.
Nbd2 e5 9. dxe5 dxe5 10. Qc2 Nd7 11. O-O-O Qe7 12. Bf5 g6 13. Be4 O-O-O 14.
Bxb7+ Kxb7 15. Qe4+ c6 16. Nb3 Bg7 17. Nfd4 Nb8 18. Nc2 f5 19. Qf3 e4 20. Qe2
Nd7 21. Nb4 Nc5 22. Nxc5+ Qxc5 23. Qa6+ Kb8 24. Qa4 Kb7 25. Qb3 Qe7 26. Qc4 Qc7
27. a4 a5 28. Nc2 Rhe8 29. g3 Qe7 30. h4 h5 31. Rxd8 Rxd8 1/2-1/2

[Event "XXXII Festival A"]
[Site "Arco ITA"]
[Date "2010.10.19"]
[Round "4"]
[White "Dittmar, Peter"]
[Black "Di Lazzaro, Gabriele"]
[Result "1-0"]
[WhiteElo "2328"]
[BlackElo "1901"]
[PlyCount "49"]
[EventDate "2010.10.16"]

1. c4 e5 2. g3 Nc6 3. Bg2 Bc5 4. Nc3 Nf6 5. e3 O-O 6. Nge2 Re8 7. O-O Bf8 8. d4
exd4 9. exd4 h6 10. b3 d6 11. Bb2 Bf5 12. Qd2 Ne4 13. Nxe4 Bxe4 14. Bxe4 Rxe4
15. d5 Nb8 16. Nd4 Nd7 17. Rae1 Rxe1 18. Rxe1 Ne5 19. f4 Ng6 20. Qe2 Be7 21.
Nf5 Bf6 22. h4 Bxb2 23. Qxb2 f6 24. Qe2 Kf8 25. Qg4 1-0

[Event "XXXII Festival A"]
[Site "Arco ITA"]
[Date "2010.10.19"]
[Round "4"]
[White "Drasko, Milan"]
[Black "Damia, Angelo"]
[Result "1/2-1/2"]
[WhiteElo "2486"]
[BlackElo "2287"]
[PlyCount "41"]
[EventDate "2010.10.16"]

1. Nf3 Nf6 2. g3 d5 3. Bg2 e6 4. O-O b5 5. d4 Bb7 6. b3 Nbd7 7. c4 bxc4 8. bxc4
dxc4 9. Na3 c5 10. Nxc4 cxd4 11. Qxd4 Nb6 12. Nxb6 axb6 13. Qb2 Bc5 14. Bg5 O-O
15. Rfd1 Qe7 16. e3 h6 17. Bxf6 Qxf6 18. Qxf6 gxf6 19. Nd2 Bxg2 20. Kxg2 Rfd8
21. Ne4 1/2-1/2

[Event "XXXII Festival A"]
[Site "Arco ITA"]
[Date "2010.10.19"]
[Round "4"]
[White "Galas, Franco"]
[Black "Buck, Klaus-Michael"]
[Result "1-0"]
[WhiteElo "1794"]
[BlackElo "1818"]
[PlyCount "100"]
[EventDate "2010.10.16"]

1. d4 e6 2. Nf3 d5 3. e3 Nf6 4. c3 Be7 5. Bb5+ Bd7 6. Bxd7+ Nbxd7 7. O-O O-O 8.
Re1 c5 9. Nbd2 cxd4 10. exd4 b5 11. a3 Bd6 12. h3 Qc7 13. Qc2 h6 14. Nf1 Bf4
15. Be3 Bxe3 16. Rxe3 Nb6 17. Ne5 Nfd7 18. Nxd7 Qxd7 19. Rae1 a5 20. Rg3 f5 21.
Qc1 Rf6 22. Nh2 Raf8 23. Rd3 Qf7 24. Nf3 Nd7 25. b3 Qh5 26. c4 bxc4 27. bxc4
Rc8 28. c5 Nb8 29. Ne5 Qe8 30. Qc3 a4 31. Rc1 Nc6 32. Nxc6 Qxc6 33. Rb1 Rff8
34. Qe1 Rb8 35. Rxb8 Rxb8 36. Re3 Kf7 37. Qd1 g6 38. g3 Qd7 39. Kg2 Rb2 40. Rc3
Qc6 41. Re3 Ke7 42. Qf3 Rd2 43. Qf4 Qa6 44. Rxe6+ Kxe6 45. Qxd2 Qc4 46. Qe3+
Kf7 47. h4 Qb3 48. Kf3 Qd1+ 49. Kg2 Kg7 50. c6 Qc2 1-0

[Event "XXXII Festival A"]
[Site "Arco ITA"]
[Date "2010.10.19"]
[Round "4"]
[White "Gardini, Enrico"]
[Black "Giuriato, Sergio"]
[Result "1-0"]
[WhiteElo "1815"]
[BlackElo "1935"]
[PlyCount "137"]
[EventDate "2010.10.16"]

1. e4 Nc6 2. Nf3 e5 3. Bc4 Nf6 4. Nc3 Bc5 5. O-O d6 6. a3 Bg4 7. Be2 h6 8. h3
Be6 9. d3 a6 10. b4 Ba7 11. Bb2 O-O 12. Nh2 Qd7 13. Ng4 Nxg4 14. Bxg4 f5 15.
exf5 Bxf5 16. Bxf5 Rxf5 17. Ne4 Raf8 18. c4 Qf7 19. Qc2 Ne7 20. Rae1 Ng6 21.
Bc1 Nh4 22. c5 Qg6 23. Qc4+ Kh7 24. Ng3 Rh5 25. Qg4 Qxg4 26. hxg4 Rg5 27. Bxg5
hxg5 28. Ne4 Rf4 29. f3 Kg6 30. Kh1 Rf8 31. Rc1 Rh8 32. Kg1 Rf8 33. Rc2 Kh6 34.
Kh2 d5 35. Nc3 c6 36. Re2 Bb8 37. Kh3 Rh8 38. g3 Ng6 39. Kg2 Kh7 40. Rh1+ Kg8
41. Rh5 Rxh5 42. gxh5 Nf8 43. Kh3 Kf7 44. Rf2 Ne6 45. Ne2 Bc7 46. f4 exf4 47.
gxf4 Nxf4+ 48. Kg4 Ke6 49. Nxf4+ Bxf4 50. Re2+ Kf7 51. Kf5 Bc1 52. Ra2 Bf4 53.
a4 Be3 54. Rb2 Bc1 55. Rb1 Be3 56. b5 axb5 57. axb5 Bxc5 58. bxc6 bxc6 59. Rc1
Bd6 60. Rxc6 Ke7 61. Kxg5 Be5 62. Kf5 Bd4 63. Kg6 Kd7 64. Ra6 Kc7 65. Ra8 Kc6
66. Rg8 Kb5 67. Rxg7 Kb4 68. Rd7 Kc3 69. Rxd5 1-0

[Event "XXXII Festival A"]
[Site "Arco ITA"]
[Date "2010.10.19"]
[Round "4"]
[White "Garvani, Vittorio"]
[Black "Valenti, Giuseppe"]
[Result "0-1"]
[WhiteElo "1940"]
[BlackElo "2162"]
[PlyCount "106"]
[EventDate "2010.10.16"]

1. d4 Nf6 2. c4 e6 3. Nc3 c5 4. d5 exd5 5. cxd5 d6 6. e4 g6 7. Bb5+ Nfd7 8. a4
Bg7 9. Nge2 O-O 10. O-O a6 11. Bd3 Ne5 12. Bc2 Nbd7 13. Ng3 Nf6 14. Re1 Re8 15.
Bg5 h6 16. Bc1 Rb8 17. Qe2 c4 18. h3 b5 19. axb5 axb5 20. Qd1 h5 21. Bg5 Qc7
22. Nce2 Nh7 23. Be3 h4 24. Ra7 Qd8 25. Nf1 g5 26. f4 gxf4 27. Nxf4 Nf6 28. Nh5
Nxh5 29. Qxh5 Qf6 30. Nh2 Qg6 31. Qxh4 Bf6 32. Qh6 Qxh6 33. Bxh6 Nd3 34. Bxd3
Bd4+ 35. Be3 Bxa7 36. Bxa7 Rb7 37. Bxc4 bxc4 38. Bd4 f5 39. e5 dxe5 40. Rxe5
Rxe5 41. Bxe5 Rb5 42. Bc3 Rxd5 43. Kf2 Bb7 44. g4 f4 45. h4 Rd3 46. g5 Rh3 47.
Ng4 Rxh4 48. Ne5 Rh2+ 49. Ke1 f3 50. g6 Be4 51. Bd4 Re2+ 52. Kd1 Bc2+ 53. Kc1
f2 0-1

[Event "XXXII Festival A"]
[Site "Arco ITA"]
[Date "2010.10.19"]
[Round "4"]
[White "Kaczur, Florian"]
[Black "Trauth, Michael"]
[Result "0-1"]
[WhiteElo "2035"]
[BlackElo "2197"]
[PlyCount "78"]
[EventDate "2010.10.16"]

1. e4 c5 2. Nf3 Nc6 3. d4 cxd4 4. Nxd4 g6 5. Nc3 Bg7 6. Be3 Nf6 7. Bc4 O-O 8.
Bb3 a5 9. O-O a4 10. Nxa4 Nxe4 11. Nb5 d5 12. Nb6 Ra5 13. Bxd5 Rxb5 14. Bxe4
Be6 15. c4 Rxb2 16. Nd5 Qa5 17. a4 Bxd5 18. cxd5 Nd4 19. Bxd4 Rd2 20. Qe1 Bxd4
21. Rd1 Bc3 22. Rxd2 Bxd2 23. Qd1 Rc8 24. Qb3 Bb4 25. g3 Rc3 26. Qa2 Bd6 27.
Bg2 b5 28. h4 Qxa4 29. Qb2 Rc2 30. Qb1 Qc4 31. h5 Kg7 32. Qa1+ f6 33. Qa8 gxh5
34. Bh3 Bxg3 35. Be6 Bxf2+ 36. Rxf2 Rc1+ 37. Kg2 Qe4+ 38. Rf3 Rc2+ 39. Kg1 Qe1+
0-1

[Event "XXXII Festival A"]
[Site "Arco ITA"]
[Date "2010.10.19"]
[Round "4"]
[White "Karl, Hans"]
[Black "Aagaard, Jacob"]
[Result "0-1"]
[WhiteElo "2211"]
[BlackElo "2534"]
[PlyCount "44"]
[EventDate "2010.10.16"]

1. e4 g6 2. d4 Bg7 3. Nf3 d6 4. h3 Nf6 5. Nc3 O-O 6. Be2 c5 7. O-O cxd4 8. Nxd4
Nc6 9. Be3 Bd7 10. Nxc6 bxc6 11. Qd3 Be6 12. f4 Rb8 13. b3 Qa5 14. a3 Rfd8 15.
b4 Qc7 16. Rab1 Nd7 17. Na4 a5 18. Bd4 Nc5 19. bxc5 Rxb1 20. Rxb1 dxc5 21. c3
cxd4 22. c4 Qxf4 0-1

[Event "XXXII Festival A"]
[Site "Arco ITA"]
[Date "2010.10.19"]
[Round "4"]
[White "Kierzek, Matthias"]
[Black "Trois, Francisco R.T."]
[Result "0-1"]
[WhiteElo "2145"]
[BlackElo "2309"]
[PlyCount "54"]
[EventDate "2010.10.16"]

1. d4 Nf6 2. c4 c5 3. d5 g6 4. Nc3 d6 5. e4 Bg7 6. f4 O-O 7. Bd3 e6 8. dxe6
fxe6 9. Nge2 Nc6 10. O-O a6 11. Ng3 Rb8 12. f5 Ne5 13. Bf4 Nfg4 14. Be2 gxf5
15. exf5 Nxh2 16. Kxh2 Qh4+ 17. Kg1 Ng4 18. Bxg4 Bd4+ 19. Rf2 e5 20. Nd5 exf4
21. Ne4 Bxf5 22. Bxf5 Rxf5 23. Ne7+ Qxe7 24. Qg4+ Qg7 25. Qxf5 Rf8 26. Qg5 Re8
27. Re1 Qxg5 0-1

[Event "XXXII Festival A"]
[Site "Arco ITA"]
[Date "2010.10.19"]
[Round "4"]
[White "Kierzek, Mira"]
[Black "Baeta, Marcio Netto"]
[Result "1/2-1/2"]
[WhiteElo "2053"]
[BlackElo "2221"]
[PlyCount "120"]
[EventDate "2010.10.16"]

1. Nf3 Nf6 2. c4 g6 3. Nc3 d5 4. d4 Bg7 5. Bf4 c6 6. h3 O-O 7. e3 Nbd7 8. cxd5
Nxd5 9. Nxd5 cxd5 10. Qd2 Re8 11. Be2 e5 12. dxe5 Nxe5 13. Nxe5 Bxe5 14. Bxe5
Rxe5 15. Qc3 Re7 16. Rd1 Be6 17. O-O Rc8 18. Qd4 Qa5 19. a3 Rec7 20. Rd2 Rc1
21. Rxc1 Rxc1+ 22. Kh2 Qc7+ 23. g3 Rc2 24. h4 h5 25. Bf1 Rc1 26. Rd1 Bg4 27.
Rxc1 Qxc1 28. Bg2 Qc2 29. e4 dxe4 30. Bxe4 Qb3 31. Bd5 Qb5 32. Bc4 Qc6 33. Bd5
Qd7 34. Qe5 b6 35. Bb3 Qf5 36. Qxf5 Bxf5 37. Kg2 Be4+ 38. f3 Bc6 39. Kf2 Kg7
40. Ke3 f6 41. f4 Kf8 42. Kd4 Ke7 43. Bc2 Kf7 44. b4 f5 45. Ke5 Ke7 46. Bb3 Be8
47. Bc4 Bc6 48. Be6 Ba4 49. Bd5 Bb5 50. Bb3 Bc6 51. Bd5 Bb5 52. Bb7 Bc4 53. Bc6
Be6 54. Bd5 Bd7 55. Bb3 Bc6 56. a4 Be8 57. b5 Bd7 58. Bd5 Bc8 59. Bg8 Bb7 60.
Bd5 Bxd5 1/2-1/2

[Event "XXXII Festival A"]
[Site "Arco ITA"]
[Date "2010.10.19"]
[Round "4"]
[White "Knors, Rudi"]
[Black "Korenevski, Oleg"]
[Result "1/2-1/2"]
[WhiteElo "2123"]
[BlackElo "1930"]
[PlyCount "87"]
[EventDate "2010.10.16"]

1. d4 f5 2. e4 fxe4 3. Nc3 Nf6 4. Bg5 e6 5. f3 exf3 6. Nxf3 b6 7. Bd3 Ba6 8.
O-O Bxd3 9. Qxd3 Be7 10. Rae1 O-O 11. Ne5 Nd5 12. Rxf8+ Qxf8 13. Nxd5 exd5 14.
Nxd7 Nxd7 15. Bxe7 Qf7 16. Qh3 Nf6 17. Bxf6 Qxf6 18. Qe3 Rf8 19. c3 a5 20. h3
h6 21. b3 Qf7 22. Qe5 Qf2+ 23. Kh2 Qf7 24. Re3 Qd7 25. Rg3 Rf7 26. Re3 Kf8 27.
Qg3 Rf6 28. Re5 Kf7 29. Qd3 Kg8 30. Qe2 Kf8 31. Qa6 Rd6 32. Qd3 Qf7 33. Qe3 g5
34. Kg3 Rf6 35. Kh2 Rf5 36. Qg3 Rf4 37. Qe3 Rf5 38. Rxf5 Qxf5 39. Qg3 Qf7 40.
Qe5 Kg8 41. Kg3 Kh7 42. Kg4 Kg6 43. Kg3 Kh7 44. Kg4 1/2-1/2

[Event "XXXII Festival A"]
[Site "Arco ITA"]
[Date "2010.10.19"]
[Round "4"]
[White "La Manna, Andrea"]
[Black "Diotallevi, Maurizio"]
[Result "1/2-1/2"]
[WhiteElo "2196"]
[BlackElo "2060"]
[PlyCount "162"]
[EventDate "2010.10.16"]

1. d4 d5 2. c4 e6 3. Nc3 Nf6 4. cxd5 exd5 5. Bg5 Be7 6. e3 c6 7. Qc2 Nbd7 8.
Bd3 Nh5 9. Bxe7 Qxe7 10. Nge2 g6 11. a3 Nb6 12. b4 a6 13. O-O Ng7 14. Na4 Nxa4
15. Qxa4 Bf5 16. Nf4 Bxd3 17. Nxd3 O-O 18. Qc2 Nf5 19. a4 Nd6 20. Qc5 Rfe8 21.
Rfb1 Ne4 22. Qc2 Nd6 23. Qc5 Ne4 24. Qxe7 Rxe7 25. Rb2 Nd6 26. h4 Kg7 27. g3 h5
28. Nf4 Ree8 29. Rba2 Kf6 30. Ne2 a5 31. b5 cxb5 32. axb5 Nc4 33. Nf4 Red8 34.
b6 Ra6 35. Rb1 Nxb6 36. Rab2 Nc4 37. Rxb7 a4 38. R7b5 Rad6 39. Ra1 a3 40. Rc5
Kf5 41. Nxd5 Rxd5 42. Rxc4 Ra8 43. Ra2 Ke4 44. Rc3 Rda5 45. Kg2 R8a7 46. f3+
Kd5 47. Kf2 f6 48. Ke2 Ra8 49. Kd3 Ra4 50. Rc7 Rb4 51. e4+ Kd6 52. Rc3 Rba4 53.
Ke3 R8a6 54. Rd3 Ra8 55. Kf4 R8a5 56. d5 Ra8 57. g4 hxg4 58. fxg4 Re8 59. Re3
Rea8 60. h5 gxh5 61. gxh5 Ke7 62. Kf5 Rh8 63. Raxa3 Rxh5+ 64. Kg6 Rg5+ 65. Kh6
Rxa3 66. Rxa3 Rg4 67. Ra7+ Kd8 68. Ra4 Rg5 69. Ra8+ Kd7 70. Ra7+ Kd8 71. Rb7
Rg4 72. Rb8+ Kd7 73. Rb7+ Kd8 74. Rb4 Rg5 75. Rb6 Re5 76. Rb4 Rg5 77. Rb6 Re5
78. Kg6 Rxe4 79. Kxf6 Re1 80. Re6 Rf1+ 81. Ke5 Kd7 1/2-1/2

[Event "XXXII Festival A"]
[Site "Arco ITA"]
[Date "2010.10.19"]
[Round "4"]
[White "Ludwig, Timm"]
[Black "Ferrari, Michele"]
[Result "0-1"]
[WhiteElo "1670"]
[BlackElo "1808"]
[PlyCount "75"]
[EventDate "2010.10.16"]

1. d4 d5 2. c4 e6 3. e3 c6 4. Nf3 Bd6 5. Nc3 f5 6. Bd2 Nd7 7. c5 Bc7 8. Bd3
Ngf6 9. O-O Ne4 10. Be1 O-O 11. Nd2 e5 12. f4 exd4 13. exd4 Qf6 14. Ndxe4 fxe4
15. Bc2 Qh6 16. g3 Nf6 17. Qe2 Bh3 18. Bd2 Bxf1 19. Rxf1 Qh3 20. Bd1 Rae8 21.
Be3 h5 22. Qf2 Ng4 23. Bxg4 hxg4 24. Nd1 Rf5 25. Qe2 Rh5 26. Rf2 Re6 27. Rg2
Rh8 28. Nf2 Qh5 29. Qxg4 Qxg4 30. Nxg4 Rg6 31. Nf2 b6 32. b4 Re6 33. f5 Re8 34.
Nd1 bxc5 35. bxc5 Rb8 36. Rb2 Kf7 37. h4 Rxb2 38. Nxb2 0-1

[Event "XXXII Festival A"]
[Site "Arco ITA"]
[Date "2010.10.19"]
[Round "4"]
[White "Maddaloni, Giovanni"]
[Black "De Andres Gonalons, Fernando"]
[Result "0-1"]
[WhiteElo "1801"]
[BlackElo "2041"]
[PlyCount "56"]
[EventDate "2010.10.16"]

1. e4 e6 2. d4 d5 3. e5 c5 4. c3 Nc6 5. Nf3 Nge7 6. Bd3 cxd4 7. cxd4 Nb4 8.
Bb5+ Bd7 9. Bxd7+ Qxd7 10. O-O Nf5 11. Nc3 h5 12. Be3 Be7 13. a3 Nc6 14. Qd2
Na5 15. b3 Nxb3 16. Qb2 Nxa1 17. Rxa1 Rc8 18. Nd2 O-O 19. h3 Qd8 20. Nb3 Bg5
21. Bxg5 Qxg5 22. Nd1 Rc4 23. Rc1 Rfc8 24. Rxc4 Rxc4 25. Kf1 Qf4 26. Nc3 Ng3+
27. Kg1 Rxc3 28. fxg3 Qe3+ 0-1

[Event "XXXII Festival A"]
[Site "Arco ITA"]
[Date "2010.10.19"]
[Round "4"]
[White "Marini, Lucio"]
[Black "Mircoli, Filippo"]
[Result "1-0"]
[WhiteElo "1883"]
[BlackElo "1699"]
[PlyCount "65"]
[EventDate "2010.10.16"]

1. d4 e6 2. c4 Nf6 3. Nc3 Bb4 4. Qc2 d5 5. e3 c5 6. Nf3 Nc6 7. a3 Bxc3+ 8. bxc3
cxd4 9. cxd4 O-O 10. Bd3 b6 11. O-O Bb7 12. Bb2 Rc8 13. Qe2 Na5 14. Rac1 dxc4
15. Bb1 b5 16. e4 Qe7 17. Rc3 Rfd8 18. Rd1 Nd7 19. Qe3 h6 20. g4 f6 21. h4 Ne5
22. Qf4 Nxf3+ 23. Qxf3 Nb3 24. d5 e5 25. Kg2 a5 26. Ba2 b4 27. axb4 axb4 28.
Rxb3 cxb3 29. Bxb3 Rd6 30. Ra1 Ba6 31. Rxa6 Kh7 32. Rxd6 Qxd6 33. Qf5+ 1-0

[Event "XXXII Festival A"]
[Site "Arco ITA"]
[Date "2010.10.19"]
[Round "4"]
[White "Marshall, Michael"]
[Black "Lezzerini, Marco"]
[Result "1/2-1/2"]
[WhiteElo "1878"]
[BlackElo "1674"]
[PlyCount "49"]
[EventDate "2010.10.16"]

1. d4 Nf6 2. Nf3 g6 3. Nc3 d6 4. e4 Bg7 5. Be3 Nbd7 6. Qd2 c6 7. Bd3 e5 8. dxe5
dxe5 9. O-O-O Qc7 10. Bh6 O-O 11. Bxg7 Kxg7 12. h4 h5 13. Ng5 Nc5 14. Qe3 Ne6
15. Nxe6+ Bxe6 16. f3 Rfd8 17. Be2 b6 18. Rdg1 Qd7 19. Rd1 Qc7 20. Rdg1 Qd7 21.
g4 Qd4 22. Qxd4 exd4 23. Nd1 hxg4 24. e5 Nd7 25. f4 1/2-1/2

[Event "XXXII Festival A"]
[Site "Arco ITA"]
[Date "2010.10.19"]
[Round "4"]
[White "Martinez, Guido"]
[Black "Mombelli, Antonio"]
[Result "1-0"]
[WhiteElo "1915"]
[BlackElo "1828"]
[PlyCount "31"]
[EventDate "2010.10.16"]

1. e4 Nf6 2. Nc3 d5 3. exd5 Nxd5 4. Bc4 Nxc3 5. Qf3 e6 6. dxc3 Be7 7. Be3 Bf6
8. Ne2 O-O 9. Rd1 Qe7 10. Ng3 g6 11. Ne4 Nd7 12. Rxd7 Bxc3+ 13. bxc3 Bxd7 14.
Nf6+ Kg7 15. Bg5 Qc5 16. Nh5+ 1-0

[Event "XXXII Festival A"]
[Site "Arco ITA"]
[Date "2010.10.19"]
[Round "4"]
[White "Molina, Fabrizio"]
[Black "Luciani, Carlo"]
[Result "1-0"]
[WhiteElo "2222"]
[BlackElo "2230"]
[PlyCount "69"]
[EventDate "2010.10.16"]

1. Nf3 Nf6 2. c4 g6 3. Nc3 Bg7 4. g3 d6 5. Bg2 O-O 6. O-O Nc6 7. d3 e5 8. Bg5
h6 9. Bxf6 Bxf6 10. Rb1 Be6 11. Nd5 Bg7 12. b4 Ne7 13. Nd2 c6 14. Nxe7+ Qxe7
15. b5 c5 16. Qc2 Rad8 17. Rfc1 Kh8 18. Ne4 f5 19. Nc3 g5 20. Bd5 Bc8 21. Kg2
g4 22. f3 h5 23. Rf1 Bh6 24. Rh1 Kg7 25. h3 f4 26. hxg4 hxg4 27. Rh5 Rh8 28.
Rbh1 fxg3 29. Be4 gxf3+ 30. exf3 Be6 31. Qd1 Rdg8 32. Qe1 Bf7 33. Nd5 Qd8 34.
R5h3 Bf4 35. Nxf4 1-0